000 00587nam a22002297a 4500
001 86704
003 UA-OsUOA
005 20211105211903.0
007 ta
008 20120910b un ||||| |||| 00| 0 ukr d
040 _aUA-OsUOA
_brus
_cUA-OsUOA
_dUA-OsUOA
041 _arus
080 _a94(47+57)"1941/1945"
090 _a94(47+57)"1941/1945"
_bБ91
100 _aБурков И. А.
245 _aПредисловие к подвигу
260 _aМ.
_bДОСААФ СССР
_c1989
300 _a88 с.
650 7 _a94 Історія
_2UDC
942 _cBK
_2udc
955 _a2
999 _c372843
_d372843